Quel fuseau horaire - Villes européennes - Statistiques

Statistiques générales
  • Ce quiz a été pris 320 fois
  • Le résultat moyen est 14 sur 23
Statistiques - réponses
Hint Réponse % Correct
Nice UTC+1
84%
Londres UTC+0
81%
Reykjavik UTC+0
81%
Dublin UTC+0
81%
Glasgow UTC+0
80%
Rennes UTC+1
80%
Palerme UTC+1
77%
Porto UTC+0
70%
Bucarest UTC+2
68%
Sofia UTC+2
68%
Malaga UTC+1
67%
Saint-Pétersbourg UTC+3
67%
Riga UTC+2
64%
Helsinki UTC+2
61%
Athènes UTC+2
60%
Stockholm UTC+1
55%
Odessa UTC+2
51%
Vigo UTC+1
49%
Gibraltar UTC+1
47%
Dubrovnik UTC+1
43%
Kaliningrad UTC+2
39%
Cracovie UTC+1
36%
Minsk UTC+3
30%
Aucun quiz correspondant
Distribution des résultats
% des personnes avec chaque résultat
Percentile par nombre de réponses
Votre historique - résultats
Vous n’avez pas pris ce quiz